00935cam a2200253 a 450000100070000000500170000700800410002401000170006502000500008202000490013202000610018104000180024204100080026008000160026808200200028410000070030410100080031124501190031950400540043890600450049294200120053799900170054995201150056669316220180314104707.0961204s1997 nyua bc 000 0 eng  a 96052338  a0520212576 (University of California : cloth) a0520212584 (University of California : pbk.) a087427107X (Whitney Museum of American Art : alk. paper) aDLCcDLCdDLC aeng a759.13 jan00a759.13 jan2211 a45 aart14aThe art of Richard Diebenkorn /cJane Livingston ; with essays by John Elderfield, Ruth Fine, and Jane Livingston. aIncludes bibliographical references (p. 267-270). a7bcbccorignewd1eocipf19gy-gencatlg 2ddccBK c45064d45064 00102udc40708PËKGa002b002cPËKGd2018-03-14l0o759.13 janp002-3001967r2018-03-14w2018-03-14yBK